Bilder nach Land - Kanada - Statistiken

Allgemein
  • Dieses Quiz wurde 34 mal gespielt
  • Das Durchschnittsergebnis liegt bei 9 aus 16
Antwortstatistiken
Bildquiz Hint Antwort % Korrekt
(Tier) Elch
97%
(Süßungsmittel) Ahornsirup
94%
(Stadt) Vancouver
91%
(Wasserfälle) Niagarafälle
81%
(Sängerin) Céline Dion
78%
(Insel) Neufundland
78%
(Stadt) Montreal
75%
(Politiker) Justin Trudeau
63%
(See) Ontariosee
50%
(Schauspieler) Ryan Gosling
47%
(Gebäude) CN Tower
44%
(Gericht) Poutine
41%
(Nationalpark) Banff-Nationalpark
28%
(Berg) Mount Logan
9%
(Fast-Food-Kette) Tim Hortons
9%
(Nationaltier) Kanadischer Biber
6%
Keine übereinstimmenden Quizze gefunden
Verteilung der Resultate
Anzahl Personen mit jedem Resultat
Perzentil nach korrekt beantworteten Fragen
Ihre Resultats-Entwicklung
Sie haben dieses Quiz noch nicht gespielt